000 02474nam a22003737a 4500
001 102058
003 KnowledgeUnlatched
005 20210303105157.0
006 m o d
007 cr u||||||||||
008 210129p20092019ne o u00| u eng d
037 _5BiblioBoard
245 0 0 _aLoan Phonology
_cLeo Wetzels, Andrea Calabrese.
020 _a9789027288967
024 8 _a10.1075/cilt.307
029 1 _ahttps://library.biblioboard.com/ext/api/media/97af0c5a-32b0-47e7-8fc1-b581ab859fb8/assets/thumbnail.jpg
040 _aScCtBLL
_cScCtBLL
506 0 _aAccess copy available to the general public.
_fUnrestricted
_2star
700 1 _aWetzels, Leo
_eeditor.
700 1 _aCalabrese, Andrea
_eeditor.
264 1 _bJohn Benjamins Publishing Company,
300 _a1 online resource (284 p.)
520 _aFor many different reasons, speakers borrow words from other languages to fill gaps in their own lexical inventory. The past ten years have been characterized by a great interest among phonologists in the issue of how the nativization of loanwords occurs. The general feeling is that loanword nativization provides a direct window for observing how acoustic cues are categorized in terms of the distinctive features relevant to the L1 phonological system as well as for studying L1 phonological processes in action and thus to the true synchronic phonology of L1. The collection of essays presented in this volume provides an overview of the complex issues phonologists face when investigating this phenomenon and, more generally, the ways in which unfamiliar sounds and sound sequences are adapted to converge with the native language's sound pattern. This book is of interest to theoretical phonologists as well as to linguists interested in language contact phenomena.
588 0 _aDescription based on print version record.
590 _aKU Select 2018: HSS Backlist Books
650 7 _aLanguage Arts & Disciplines / Linguistics / Phonetics & Phonology
_2bisacsh
650 0 _aLanguage arts
655 0 _aElectronic books.
758 _iIs found in:
_aKnowledge Unlatched
_1https://openresearchlibrary.org/module/2774bc74-146a-484f-a7ba-ab1d6a09bbfb
856 4 0 _uhttps://openresearchlibrary.org/content/97af0c5a-32b0-47e7-8fc1-b581ab859fb8
_zView this content on Open Research Library.
_70
999 _c33840
_d33840